店舗数が多い企業(ブランド)ランキング - Statistics

General Stats
  • This quiz has been taken 896 times
    886 since last reset
  • The average score is 16 of 50
Answer Stats
# 業種 Answer % Correct
4 コンビニエンスストア セブン・イレブン
94%
7 コンビニエンスストア ファミリーマート
85%
11 コンビニエンスストア ローソン
84%
26 ハンバーガー マクドナルド
76%
22 100円ショップ ダイソー
72%
18 銀行 みずほ銀行
66%
40 牛丼・丼もの すき家
62%
36 携帯電話ショップ ソフトバンク
61%
30 携帯電話ショップ au
61%
14 ガソリンスタンド ENEOS
61%
1 銀行 ゆうちょ銀行
59%
6 充電スポット トヨタ
51%
43 100円ショップ Seria
50%
46 カフェ・喫茶 Starbucks Coffee
50%
33 弁当・惣菜 ほっともっと
47%
3 郵便・宅配便 郵便局
44%
41 コンビニエンスストア ミニストップ
39%
29 ガソリンスタンド コスモ石油
37%
37 充電スポット 日産
35%
16 充電スポット ホンダ
34%
20 ガソリンスタンド 出光
34%
34 カーディーラー ホンダ
34%
10 学習塾 公文式
32%
13 カーシェアリング タイムズカーシェア
32%
2 銀行 セブン銀行
30%
38 ドラッグストア ドラッグスギ
27%
5 コインパーキング タイムズ駐車場
24%
24 ドラッグストア ウエルシア
23%
47 レンタカー トヨタレンタカー
22%
35 携帯電話ショップ NTTドコモ
21%
9 コインパーキング 三井のリパーク
19%
49 ドラッグストア ツルハドラッグ
19%
44 学習塾 明光義塾
18%
19 銀行 イオン銀行
17%
31 携帯電話ショップ Y!mobile
16%
12 銀行 ローソン銀行
10%
21 カーディーラー トヨタ自動車
9%
27 中古車販売 トヨタ自動車
9%
39 フィットネス カーブス
9%
8 銀行 JAバンク
8%
15 銀行 イーネット
4%
17 充電スポット 三菱自動車
4%
32 銀行 三菱UFJ銀行
4%
42 ガソリンスタンド JA-SS
3%
25 コインパーキング 名鉄協商パーキング
2%
23 コインパーキング ナビパーク
1%
50 JAファーマーズマーケット スーパーマーケット
1%
45 コインパーキング NPC24H
1%
28 車買取 トヨタの買取りネットワーク T-UP
1%
48 自動車整備 ロータスクラブ
0%
No matching quizzes found
Score Distribution
Percent of People with Each Score
Percentile by Number Answered
Your Score History
You have not taken this quiz since the last reset